000 00763nam a22002537a 4500
001 5342
003 FISKH
005 20241127112044.0
008 241127b cb ||||| |||| 00| 0 eng d
020 _a9780531236130
040 _aFISKH
_beng
_cFISKH
_dFISKH
050 _aGV867.Y66
082 _a796.357
100 _aYomtov, Nel
_d(1952-)
245 _aBeing your best at baseball /
_cNel Yomtov
250 _a2017
260 _aNew York :
_bScholastic,
_c2017.
300 _a48 pages :
_bColor illustrations ;
_c22 cm
520 _aLooks at the history of baseball, explaining different positions on a team, the way a field is arranged, and the rules of the game.
650 _2Sports
650 _2 Social studies
942 _2ddc
_cBK
_n0
999 _c5342
_d5342